Quiz Z Nation - Statistiques

Statistiques générales
  • Ce quiz a été pris 12 fois
  • Le résultat moyen est 17 sur 26
Statistiques - réponses
Question Réponse % Correct
Comment se fait appeler mini 10k ? 5k
100%
Dans la saison 3 que devient 10k ? Murphy l'a mordu
100%
Pourquoi se fait-il appeler 10k ? Parce qu'il veut tuer 10 mille zombies
100%
Comment se nomme Citizen Z ? Simon
100%
Combien comporte de saisons Z ? 5
88%
Combien de morsures a Murphy sur le corps ? 8
88%
De qui 10k avait-il le béguin dans la saison 1 ? Cassandra
88%
Comment s'appelle celui qui se fait passer pour Escorpion ? Javier Vasquez
88%
Comment s'appelle le copain d'Addy ? Mack
88%
Comment s'appelle l'interprète de Doc ? Russell Hodgkinson
88%
Quel est le prénom entier d'Addy ? Addison Carver
75%
Comment se nomme la fille de Murphy ? Lucy
75%
Comment s'appelle l'interprète de 10k ? Nat Zang
75%
Dans la saison 3 quel prénom Murphy donne-t-il à 10k ? Tommy
75%
Comment s'appelle l'interprète d'Addy ? Anastasia Baranova
63%
Comment s'appelle la fille pour qui Addy avait eu une attirance ? Dana
63%
Comment s'appelle l'interprète de Murphy ? Keith Allan
63%
Comment s'appelle l'interprète de Warren ? Kellita Smith
50%
Combien d'épisodes comporte la saison 2 ? 15
38%
Dans combien d'épisodes apparaît Charlie ? 6
38%
Quel est le prénom entier de Murphy ? Alvin Bernard Murphy
38%
Combien d'épisodes comporte la saison 1 ? 13
25%
Comment s'appelle l'interprète de Citizen Z ? DJ Qualls
25%
Doc est-il vraiment médecin ? Oui, tout à fait
25%
Quel âge avait Addy dans la saison 1 ? 26 ans
13%
Dans la saison 3 que font Addy & Doc ? Il sont en couple
0%
Aucun quiz correspondant
Distribution des résultats
% des personnes avec chaque résultat
Percentile par nombre de réponses
Votre historique - résultats
Vous n’avez pas pris ce quiz